000 00274nam a2200109Ia 4500
008 260210s9999 xx 000 0 und d
020 _a9781682868935
100 _aHart
245 0 _aWater Resources Management: Principles and Practice
260 _bSyrawood
942 _cBPLAN
999 _c14234
_d14234